000 00619nam a22002177a 4500
003 UA-OsUOA
001 79135
007 ta
008 20111103b un ||||| |||| 00| 0 ukr d
100 _aВоробйов В.В.
090 _a93
_bВ75
942 _cSA
040 _aUA-OsUOA
_bukr
_cUA-OsUOA
_dUA-OsUOA
245 _aРоль Шарля Вержена в створені франко-американського союзу 1776 - 1778 рр.
300 _aС.31-35
955 _a0
041 _aukr
080 _a93
773 0 _w79129
650 7 _a9 Географія. Біографії. Історія
_2UDC
999 _c365454
_d365454